XI du FC Sochaux-Montbéliard 2020's - Statistiques

Statistiques générales
  • Ce quiz a été pris 184 fois
    36 depuis la dernière actualisation
  • Le résultat moyen est 19 sur 52
Statistiques - réponses
Poste Pays Joueur % Correct
G 1 Mathieu Patouillet
90%
G 16 Maxence Prévot
86%
ATT 15 Aldo Kalulu
76%
MIL 28 Gaëtan Weissbeck
71%
Coach Omar Daf
71%
DEF 4 Arthur Vitelli
67%
DEF 22 Ismaïl Aaneba
62%
DEF 4 Abdallah Ndour
57%
MIL 14 Rassoul Ndiaye
57%
MIL 7 Tony Mauricio
57%
DEF 19 Florentin Pogba
52%
MIL 25 Alex Daho
48%
MIL 70 Moussa Doumbia
48%
MIL 6 Ousseynou Thioune
48%
MIL 80 Skelly Alvero
48%
DEF 15 Thomas Fontaine
48%
ATT 22 Kévin Zohi
43%
Coach Oswald Tanchot
43%
DEF 5 Saad Agouzoul
43%
DEF 29 Valentin Henry
43%
DEF 18 Christophe Diedhiou
38%
Coach Olivier Guégan
38%
MIL 28 Elson Mendes
33%
MIL 15 Joseph Lopy
33%
DEF 28 Julien Faussurier
33%
MIL 8 Kévin Hoggas
33%
MIL 27 Diego Michel
29%
DEF 19 Julien Dacosta
29%
MIL 24 Malcolm Viltard
29%
DEF 5 Maxence Lacroix
29%
MIL 11 Maxime Do Couto
29%
MIL 20 Younès Kaabouni
29%
ATT 27 Abdoulaye Sané
24%
DEF 4 Adolphe Teikeu
24%
MIL 11 Bryan Lasme
24%
ATT 14 Chris Bedia
24%
DEF 35 Dalangunypole Gomis
24%
DEF 34 Mathieu Peybernes
24%
MIL 17 Noah Fatar
24%
DEF 5 Boris Moltenis
19%
DEF 2 Pape Paye
19%
MIL 14 Thomas Touré
19%
MIL 34 Allan Ackra
14%
DEF 13 Christopher Rocchia
14%
ATT 24 Corentin Jean
14%
MIL 29 Jérémy Livolant
14%
Coach Karim Mokeddem
14%
ATT 19 Martin Lecolier
14%
DEF 7 Nassim Ouammou
14%
DEF 22 Salem M'Bakata
14%
MIL 7 Bryan Soumaré
10%
MIL 24 Samy Benchamma
10%
Aucun quiz correspondant
Distribution des résultats
% des personnes avec chaque résultat
Percentile par nombre de réponses
Votre historique - résultats
Vous n’avez pas pris ce quiz depuis la dernière actualisation